| 000 | 00805cab a2200241 4500 | ||
|---|---|---|---|
| 001 | WB3002-18 | ||
| 008 | 090401t1994 xxu||||| |||| 00| 0 eng d | ||
| 035 | _a(Sirsi) u47411 | ||
| 041 | _aeng | ||
| 245 | _aEconomic surveys of London and Midlands | ||
| 260 | _c1994 | ||
| 350 | _a0 | ||
| 490 |
_aFinancial Times _v13 January 1994, 10(1) |
||
| 520 | _aThe "Quarterly economic report and survey" by the London Chamber of Commerce reveals improved business confidence and a slowdown in redundancies. A survey in the West Midlands shows a drop in manufacturing orders. | ||
| 650 | _aEMPLOYMENT | ||
| 650 | _aFINANCIAL CENTRES | ||
| 650 | _aFINANCIAL SERVICES | ||
| 650 | _aLONDON CHAMBER OF COMMERCE | ||
| 650 | _aLONDON | ||
| 690 | _aECONOMIC AND SOCIAL | ||
| 942 | _n0 | ||
| 948 | _c04/03/1997 | ||
| 999 |
_c29902 _d29902 |
||